Zpřísnění trestního postihu některých jednání ohrožujících cíle boje proti alkoholismu

Bibliographic Details
Main Author: Vacura, Jiří (Author)
Format: Article
Language:Czech

MARC

LEADER 00000nab a2200000ua 4500
001 vtls010821177
003 SK-MaSNL
005 20260303103614.0
008 230121s1970 xo |||||||||||||||||cze|
035 |a (urnnbn)urn:nbn:sk:snk:ar-a05yb9 
035 |a urn:nbn:sk:snk-ab5oga 
035 |a (uuid)04e05d8d-4c94-4e6e-92c8-5b2b92b43d41 
040 |a SNKBUCL  |b slo  |c SNKBUCL  |e AACR2 
041 0 |a cze 
044 |a xo  |c SK 
100 1 |a Vacura, Jiří  |4 aut  |9 1117557 
245 1 0 |a Zpřísnění trestního postihu některých jednání ohrožujících cíle boje proti alkoholismu  |c Jiří Vacura 
773 0 |t Protialkoholický obzor  |g Roč. 5, č. 4-5 (1970), s. 114-116 
954 |a odborná, vedecká literatúra cudzojazyčná (svetová)  |2 lita 
958 |a OND 
958 |a EUIPO 
958 |a article5 
999 |c 1850708  |d 1852638